Parwaaz/ (Record no. 614226)
[ view plain ]
| 000 -LEADER | |
|---|---|
| fixed length control field | 00593nam a22001817a 4500 |
| 020 ## - INTERNATIONAL STANDARD BOOK NUMBER | |
| International Standard Book Number | 9693502639 |
| 082 ## - DEWEY DECIMAL CLASSIFICATION NUMBER | |
| Classification number | 891.4392 |
| Author Mark | TAR |
| 100 ## - MAIN ENTRY--PERSONAL NAME | |
| Personal name | Tarar, Mustansar Hussain |
| 245 ## - TITLE STATEMENT | |
| Title | Parwaaz/ |
| Statement of responsibility, etc. | Mustansar Hussain Tarar, |
| 260 ## - PUBLICATION, DISTRIBUTION, ETC. | |
| Place of publication, distribution, etc. | Lahore ; |
| Name of publisher, distributor, etc. | sang e mil, |
| Date of publication, distribution, etc. | 2003. |
| 300 ## - PHYSICAL DESCRIPTION | |
| Extent | 208p.: |
| Dimensions | 25cm. |
| 563 ## - BINDING INFORMATION | |
| Binding note | HB |
| 650 ## - SUBJECT ADDED ENTRY--TOPICAL TERM | |
| Topical term or geographic name entry element | Pakistani literature—20th century |
| 880 ## - ALTERNATE GRAPHIC REPRESENTATION | |
| Linkage | 100-01\(3\r |
| Title | مستنصر حسین تارڑ, |
| 880 ## - ALTERNATE GRAPHIC REPRESENTATION | |
| Linkage | 245-02\(3\r |
| Title | پرواز, |
| b | مستنصر حسین تارڑ, |
| 880 ## - ALTERNATE GRAPHIC REPRESENTATION | |
| Linkage | 260-03\(3\r |
| Title | لاہور ؛ |
| b | سنگِ میل, |
| c | 2003. |
| 942 ## - ADDED ENTRY ELEMENTS (KOHA) | |
| Source of classification or shelving scheme | |
| Koha item type | Book |
| 650 ## - SUBJECT ADDED ENTRY--TOPICAL TERM | |
| -- | 129623 |
| Withdrawn status | Lost status | Source of classification or shelving scheme | Damaged status | Not for loan | Permanent Location | Current Location | Date acquired | Total Checkouts | Full call number | Barcode | Checked out | Date last seen | Date last checked out | Price effective from | Koha item type |
|---|---|---|---|---|---|---|---|---|---|---|---|---|---|---|---|
| Central Library (CL) | Central Library (CL) | 07/10/2025 | 1 | 891.4392 TAR | CL-D-2826 | 05/04/2026 | 04/19/2026 | 04/19/2026 | 07/10/2025 | Book |
